000 00716nam a2200253 a 4500
005 20191224041655.0
008 140307b1981 ec ||||| |||| 00| 0 eng d
041 _aeng
044 _aec
090 _aLB
_b02744
100 _aLeppesen, Stig
_918019
245 _aCampanulaceae, Lobeliaceae, Sphenocleaceae, Goodeniaceae
260 _aQuito
_bDepartament of Systematic Botany
_c1981
300 _a48 p.
650 _aFlora
_992293
650 _aPlantas
_992294
650 _aTaxonomía vegetal
_992262
650 _aClaves taxonómicas
_93514
650 _aIdentificación de especies
_94726
662 _aEcuador
700 _aHarling, Gunnar
_917471
700 _aSparre, Benkt
_918009
942 _cImpreso
_2z
999 _c2973
_d2973